Quan hệ quốc tế những năm đầu thế kỷ XXI : Vấn đề, sự kiện và quan điểm
Saved in:
| Main Author: | |
|---|---|
| Format: | Book |
| Language: | Undetermined |
| Published: |
Hà Nội
Lý luận Chính trị
2005
|
| Subjects: | |
| Tags: |
Add Tag
No Tags, Be the first to tag this record!
|
| Institutions: | Trung tâm Học liệu Trường Đại học Cần Thơ |
|---|
| LEADER | 00647nam a2200205Ia 4500 | ||
|---|---|---|---|
| 001 | CTU_104467 | ||
| 008 | 210402s9999 xx 000 0 und d | ||
| 020 | |c 17020 | ||
| 082 | |a 327.1 | ||
| 082 | |b M566 | ||
| 100 | |a Trình, Mưu | ||
| 245 | 0 | |a Quan hệ quốc tế những năm đầu thế kỷ XXI : | |
| 245 | 0 | |b Vấn đề, sự kiện và quan điểm | |
| 245 | 0 | |c Trình Mưu, Vũ Quang Vinh | |
| 260 | |a Hà Nội | ||
| 260 | |b Lý luận Chính trị | ||
| 260 | |c 2005 | ||
| 650 | |a International cooperation | ||
| 904 | |i Vương | ||
| 980 | |a Trung tâm Học liệu Trường Đại học Cần Thơ | ||